Food supply chain management : building a sustainable future /

Bibliographic Details
Main Authors: Pullman, Madeleine, 1957- (Author), Wu, Zhaohui, 1968- (Author)
Format: eBook
Language:English
Published: New York, New York ; London : Routledge, [2021]
Edition:Second edition.
Subjects:
Online Access:Click to View
LEADER 01667nam a2200397 i 4500
001 EBC6499624
003 MiAaPQ
005 20210819083058.0
006 m o d |
007 cr cnu||||||||
008 210819s2021 nyua o 000 0 eng d
020 |a 9781000372809  |q (electronic bk.) 
020 |z 9780367351199  |q (print) 
035 |a (MiAaPQ)EBC6499624 
035 |a (Au-PeEL)EBL6499624 
035 |a (OCoLC)1240584037 
040 |a MiAaPQ  |b eng  |e rda  |e pn  |c MiAaPQ  |d MiAaPQ 
050 4 |a TP370  |b .P855 2021 
082 0 |a 664  |2 23 
100 1 |a Pullman, Madeleine,  |d 1957-  |e author. 
245 1 0 |a Food supply chain management :  |b building a sustainable future /  |c Madeleine Pullman and Zhaohui Wu. 
250 |a Second edition. 
264 1 |a New York, New York ;  |a London :  |b Routledge,  |c [2021] 
264 4 |c 2021 
300 |a 1 online resource (xxiii, 342 pages) :  |b illustrations 
336 |a text  |b txt  |2 rdacontent 
337 |a computer  |b c  |2 rdamedia 
338 |a online resource  |b cr  |2 rdacarrier 
588 |a Description based on print version record. 
590 |a Electronic reproduction. Ann Arbor, MI : ProQuest, 2018. Available via World Wide Web. Access may be limited to ProQuest affiliated libraries. 
650 0 |a Food industry and trade. 
655 4 |a Electronic books. 
700 1 |a Wu, Zhaohui,  |d 1968-  |e author. 
776 0 8 |i Print version:  |a Pullman, Madeleine.  |t Food supply chain management : building a sustainable future.  |d New York, New York ; London : Routledge, c2021   |h xxiii, 342 pages   |z 9780367351199 
797 2 |a ProQuest (Firm) 
856 4 0 |u https://ebookcentral.proquest.com/lib/matrademy/detail.action?docID=6499624  |z Click to View